• 首页
  • 本馆介绍
  • 公告通知
  • 最新文献
  • 馆藏检索
  • 电子资源
  • 读者导购
  • 参考咨询
  • 我的图书馆
  • 登录
  • 详细信息显示
  • 放入我的书架
  • 预约/预借图书
  • 作者相关作品
  • 分类相关作品
  • 丛书相关作品
  • 出版社相关作品

书目信息

  • 表格格式
  • 工作单格式
  • 卡片格式
题名:
非线性电路理论与分析
    
 
作者: 宋亚民 编著
分册:  
出版信息: 北京   北京邮电学院出版社  1989.12
页数: 361页
开本: 20cm
丛书名:
单 册:
中图分类: TM132
科图分类:
主题词: 电路理论
电子资源:
ISBN: 7-5635-0022-7
000 00741nam0 2200241 45
001 0189027663
005 20060428094944.43
010    @a7-5635-0022-7@dCNY2.75
020    @aCN@b89027663
100    @a19911017d1989 m y0chiy0120 ea
101 0  @achi
102    @aCN@b110000
105    @ay z 000yy
200 10 @a非线性电路理论与分析@Afei xian xing dian lu li lun yu fen xi@f宋亚民编著@Fsong ya min bian zhu
210    @a北京@c北京邮电学院出版社@d1989.12
215    @a361页@d20cm
300    @a高等学校教学用书
540 1  @a非线性电路 理论 分析@Afei xian xing dian lu li lun fen xi
606 0  @a电路理论
690    @aTM132
701  0 @a宋亚民@Asong ya min@4编著
801  0 @aCN@bNLC@c20060428
905    @f2@b226553-554@dTM132@e13
    
    非线性电路理论与分析/宋亚民编著.-北京:北京邮电学院出版社,1989.12
    361页;20cm
    高等学校教学用书
    
    ISBN 7-5635-0022-7:CNY2.75
    
●
相关链接 在E读中查询图书 在五车中查询图书 在当当中查询图书 在豆瓣中查询图书


正题名:非线性电路理论与分析     索取号:TM132/13         预约/预借

序号 登录号 条形码 馆藏地/架位号 状态 备注
1 0226553   000801528   第三借阅区/ [索取号:TM132/13] 在馆    
2 0226554   000801564   第二样本阅览室/ [索取号:TM132/13] 在馆    
3 0226555   202302472   密集书库/ [索取号:TM132/13] 在馆    
唐山师范学院图书馆 欢迎您!
大连网信软件有限公司© 版权所有